| 000 | 00785nam a22002417a 4500 | ||
|---|---|---|---|
| 999 |
_c16968 _d16968 |
||
| 003 | AR-CdUCM | ||
| 008 | 190506b ||||| |||| 00| 0 spa d | ||
| 040 |
_aMUNICIPALIDAD PROVINCIAL DEL CUSCO _cBIBLIOTECA MUNICIPAL DEL CUSCO |
||
| 041 | _heng. | ||
| 082 |
_a706.973 / _bK96 |
||
| 100 |
_aKuh, Katharine _936744 |
||
| 245 |
_aHabla el artista : _bConversaciones con 17 artistas / |
||
| 260 |
_aMéxico : _bLibreros mexicanos unidos, _c1965. |
||
| 300 |
_a320 páginas ; _bLaminas, _c19 cm. |
||
| 505 | _aContenido : Artistas / | ||
| 650 |
_aArtistas estadounidenses _936745 |
||
| 650 |
_aSiglo XX. _98 |
||
| 650 |
_aEntrevistas _913760 |
||
| 650 |
_aArte moderno _99045 |
||
| 700 |
_aGalofre Llanos, Sara (traductor) _936746 |
||
| 942 |
_2ddc _cLIBROS |
||
| 945 |
_arjall _d2019-05-06 |
||